YSY A - Canciones de Albumes y EP - Estadísticas

Estadísticas generales
  • Esta prueba ha sido intentada 178 veces
    37 desde el último reinicio
  • La puntuación promedio es 48 de 109
Estadísticas de respuestas
Temas Antezana 247 % Correcto
Jere Klein 24/7 6.5
83%
. Como Chilla Ella
83%
Bhavi, Milo J Flechazo En El Centro
83%
Duki No Se
83%
Bhavi, Duki Sonido Del Año
83%
. Tamo Loco
83%
Duki Vuelta a la Luna
83%
. El Amanecer
78%
. Hidro
78%
Bhavi, Drefquila Tuuuyo
78%
Neo Pistea Enamorada del Diablo
74%
Bhavi, Tiago PZK Mi Ciudad
74%
Marcianos Crew Muevelo
74%
Duki No Da Mas
74%
. Un Piso Mas
70%
. Full Ice
65%
Quevedo Lugares Que Llego
65%
. Relojes Reventados
65%
. Trap De Verdad
65%
. A Por Todo
61%
Xina Mora, Cieloazul Asesino
61%
. Ganas
61%
Obie Wanshot Tragos Fuertes
61%
. Bienvenida
57%
. Linaje
57%
. MORDIENDO EL BOZAL
57%
. PERDAMONO
57%
. Saturación Pop
57%
. Copenhague
52%
. Fan De Tus Batallas
52%
Bhavi Mis Pecados
52%
. Sobre El Agua
52%
. UOH OH OH
52%
. Cual?
48%
Bhavi, Alemán ¿Cuantas Veces?
48%
. Cuantos Terminos?
48%
. Cuanto Vale Hacer El Amor?
48%
Bhavi De Casa En Casa
48%
. Ser El Trap
48%
Lia Kali Tantas Fotos
48%
. Tarde
48%
. Uzbekistán
48%
. Alma
43%
. Buenos Aires Es Amor
43%
. Calor
43%
. De Repente
43%
. Duele
43%
. Para Sacarmelo
43%
. Por Que?
43%
Bhavi, d.a. got that dope Quieren Mas
43%
Bhavi Siempre Lo Mismo
43%
. Trapimelo
43%
. Trap O Pop???
43%
. York
43%
. Café Berlinés
39%
. Donde Las Luces
39%
. Dormir Es Para Giles
39%
. Heridas Al Fuego
39%
. La Primera Vez
39%
. Oro Y Platino
39%
. +Que La Droga
39%
. Sacarte To'
39%
. Toda La Vida
39%
. Tony Soprano
39%
. Acelera2
35%
. Agua Con Pila
35%
. Como Tiene Que Ser
35%
. Desfilar Mis Penas
35%
. En La Jungla
35%
Bhavi Mueren X Matarme
35%
. Negociando Por Tiempo
35%
. Pa Esta Soledad
35%
. Por Qué Se Enamoran?
35%
. Todo Pago
35%
Obie Wanshot Aca No Se Salva Ninguno
30%
. Almas Rotas
30%
. Bardos Y Verdades
30%
. Con El Tiempo
30%
Bhavi De Una
30%
El Doctor En El Infierno No Los Vi
30%
Alemán, Pablo Chill-E Inolvidable
30%
. La Noche No Duerme
30%
Lara91k Loco X Tu Cuerpo
30%
. Mas Grande Este Año
30%
. Mi Amiga La Asesina
30%
. No Negocio Con Mi Alma
30%
. Nunca Entendemo
30%
Panther Otra Noche
30%
. Rolandinho
30%
. Tantas Tentaciones
30%
. Trap On The Rocks
30%
Rei, Obie Wanshot Ya Ni Yo Me Entiendo
30%
. Cada Vez Que
26%
. Inspiracion Divina
26%
. Nunca Fue Por La Plata
26%
. Outro Del Vasco
26%
Akapellah, Neutro Shorty Todo Automatico
26%
. Cuando Fue?
22%
. Curando Mi Karma
22%
. Excusas
22%
Sixto Yegros, Hitboy No Hook
22%
. Sea La Hora Que Sea
22%
Sixto Yegros Una Dosis
22%
. Yo Sabia
22%
. Mal Acostumbrado
17%
. Que Desvelo
17%
Franux BB Seteado
17%
. Tanto Desorden
17%
. Como Lo Come
9%
No se encontraron pruebas coincidentes
Distribución de puntuación
Porcentaje de gente con cada puntuación
Porcentaje por número respondido
Historial de tus puntuaciones
No has intentado esta prueba desde el último reinicio